[Event "HUN-chT2 Charousek 1516"]
[Site "Hungary"]
[Date "2015.12.06"]
[Round "4.5"]
[White "Boros, Daniel"]
[Black "Titan, Matej"]
[Result "1/2-1/2"]
[WhiteElo "2310"]
[BlackElo "2225"]
[PlyCount "47"]
[EventDate "2015.10.18"]
[EventType "team-tourn"]
[EventRounds "9"]
[EventCountry "HUN"]
[SourceTitle "CBM 170 Extra"]
[Source "ChessBase"]
[SourceDate "2016.02.25"]
[SourceVersion "1"]
[SourceVersionDate "2016.02.25"]
[SourceQuality "1"]
[WhiteTeam "Budapest MTK"]
[BlackTeam "SZASTE"]
[WhiteTeamCountry "HUN"]
[BlackTeamCountry "HUN"]

1. e4 e5 2. Nf3 Nc6 3. d3 Nf6 4. g3 Bc5 5. Bg2 d6 6. c3 a6 7. 0-0 h6 8. h3 Ba7 9. Na3 0-0 10. Nc2 Be6 11. Kh2 d5 12. Qe2 Re8 13. Be3 Bxe3 14. Qxe3 Qd7 15. Qe2 Rad8 16. Rfd1 Qe7 17. exd5 Bxd5 18. Ne3 Be6 19. Nd2 Qd7 20. Ne4 Nxe4 21. dxe4 Qc8 22. Nd5 Ne7 23. b3 c6 24. Ne3 1/2-1/2

[Event "HUN-chT2 Maroczy 1011"]
[Site "Hungary"]
[Date "2011.03.27"]
[Round "7"]
[White "Boros, Daniel"]
[Black "Halasz, Tamas"]
[Result "1/2-1/2"]
[WhiteElo "2338"]
[BlackElo "2359"]
[PlyCount "38"]
[EventDate "2010.09.12"]
[EventType "team-tourn"]
[EventRounds "11"]
[EventCountry "HUN"]
[SourceTitle "EXT 2012"]
[Source "ChessBase"]
[SourceDate "2011.11.24"]
[SourceVersion "1"]
[SourceVersionDate "2011.11.24"]
[SourceQuality "1"]
[WhiteTeam "Nyiregyhaza"]
[BlackTeam "Fuzesabony"]
[WhiteTeamCountry "HUN"]
[BlackTeamCountry "HUN"]

1. e4 e5 2. Nf3 Nc6 3. Bc4 Bc5 4. 0-0 Nf6 5. d3 d6 6. h3 0-0 7. Nc3 Be6 8. Bg5 h6 9. Bxf6 Qxf6 10. Nd5 Bxd5 11. Bxd5 Rab8 12. c3 Ne7 13. Bb3 Bb6 14. Nh2 Kh8 15. Kh1 Qh4 16. Nf3 Qf6 17. Nh2 Qh4 18. Nf3 Qf6 19. Nh2 Qh4 1/2-1/2

[Event "HUN-chT2 Maroczy 0910"]
[Site "Hungary"]
[Date "2009.11.08"]
[Round "1"]
[White "Boros, Daniel"]
[Black "Pal, Geza"]
[Result "0-1"]
[WhiteElo "2354"]
[BlackElo "2257"]
[PlyCount "60"]
[EventDate "2009.11.08"]
[EventType "team-tourn"]
[EventRounds "11"]
[EventCountry "HUN"]
[SourceTitle "EXT 2011"]
[Source "ChessBase"]
[SourceDate "2010.11.26"]
[SourceVersion "1"]
[SourceVersionDate "2010.11.26"]
[SourceQuality "1"]
[WhiteTeam "Nyiregyhaza"]
[BlackTeam "Penzugyor II"]
[WhiteTeamCountry "HUN"]
[BlackTeamCountry "HUN"]

1. e4 c5 2. Nc3 Nc6 3. Nge2 e6 4. g3 Nf6 5. f4 d5 6. e5 Nd7 7. Bg2 Qa5 8. 0-0 Be7 9. d3 a6 10. Kh1 Qc7 11. Ng1 b5 12. Nf3 Bb7 13. Ne2 0-0-0 14. d4 Kb8 15. a4 b4 16. dxc5 Nxc5 17. Ned4 Ne4 18. Nxc6+ Qxc6 19. Nd4 Qe8 20. Be3 Rc8 21. f5 Bc5 22. fxe6 fxe6 23. c3 Rc7 24. cxb4 Bxb4 25. Qg4 Bc8 26. Rfc1 Bc5 27. b4 Bxd4 28. Bxd4 Qg6 29. Qe2 Nxg3+ 30. hxg3 Qh6+ 0-1

[Event "HUN-chT 0506"]
[Site "Hungary"]
[Date "2005.10.30"]
[Round "2"]
[White "Rovid, Kalman"]
[Black "Boros, Daniel"]
[Result "0-1"]
[WhiteElo "2334"]
[BlackElo "2343"]
[PlyCount "76"]
[EventDate "2005.10.16"]
[EventType "team-tourn"]
[EventRounds "11"]
[EventCountry "HUN"]
[SourceTitle "EXT 2007"]
[Source "ChessBase"]
[SourceDate "2006.11.23"]
[SourceVersion "1"]
[SourceVersionDate "2006.11.23"]
[SourceQuality "1"]

1. e4 c5 2. c3 d5 3. exd5 Qxd5 4. d4 Nf6 5. Nf3 e6 6. Nbd2 cxd4 7. Bc4 Qh5 8. cxd4 Bd6 9. 0-0 0-0 10. Be2 Qd5 11. Nc4 Nc6 12. Be3 Rd8 13. Rc1 Be7 14. a3 b5 15. Nce5 Bb7 16. Nd3 a6 17. Nc5 Bxc5 18. Rxc5 Qd6 19. Qc2 Rac8 20. Rd1 Nd7 21. Rc3 b4 22. Rc4 bxa3 23. bxa3 Qxa3 24. Rb1 Ba8 25. Ng5 Nf6 26. Bf3 Qd6 27. Rc1 Nb4 28. Qb1 Rxc4 29. Rxc4 Nbd5 30. Bd2 h6 31. Ne4 Nxe4 32. Bxe4 Nf6 33. f3 Bd5 34. Ra4 Bxe4 35. fxe4 Qc6 36. Qa2 Qxe4 37. Qc4 Qb1+ 38. Kf2 e5 0-1

[Event "HUN-chT 0304"]
[Site "Hungary"]
[Date "2003.10.05"]
[Round "2"]
[White "Boros, Daniel"]
[Black "Binder, Tamas"]
[Result "1-0"]
[WhiteElo "2334"]
[BlackElo "2266"]
[PlyCount "57"]
[EventDate "2003.09.28"]
[EventType "team-tourn"]
[EventRounds "11"]
[EventCountry "HUN"]
[SourceTitle "EXT 2005"]
[Source "ChessBase"]
[SourceDate "2004.11.15"]
[SourceVersion "1"]
[SourceVersionDate "2004.11.15"]
[SourceQuality "1"]

1. e4 c6 2. c4 d5 3. exd5 cxd5 4. cxd5 Nf6 5. Nf3 Nxd5 6. Bc4 e6 7. Nc3 Nb6 8. Bb3 Be7 9. d4 0-0 10. 0-0 Bd7 11. Bc2 Nc6 12. Qd3 g6 13. a3 Bf6 14. Ne4 Bg7 15. Bg5 f6 16. Bd2 Nd5 17. h4 b6 18. h5 f5 19. Ng3 Rc8 20. hxg6 hxg6 21. Bb3 Qc7 22. Ne2 Qd6 23. Ng5 Nd8 24. Qh3 Nf6 25. Bb4 Qc7 26. d5 Qe5 27. Nc3 Re8 28. Rfe1 Qf4 29. dxe6 1-0

[Event "HUN-chT 0304"]
[Site "Hungary"]
[Date "2003.09.28"]
[Round "1"]
[White "Goczo, Melinda"]
[Black "Boros, Daniel"]
[Result "0-1"]
[WhiteElo "2262"]
[BlackElo "2334"]
[PlyCount "54"]
[EventDate "2003.09.28"]
[EventType "team-tourn"]
[EventRounds "11"]
[EventCountry "HUN"]
[SourceTitle "EXT 2005"]
[Source "ChessBase"]
[SourceDate "2004.11.15"]
[SourceVersion "1"]
[SourceVersionDate "2004.11.15"]
[SourceQuality "1"]

1. d4 Nf6 2. Nf3 g6 3. c4 Bg7 4. g3 0-0 5. Bg2 d6 6. 0-0 Nbd7 7. Nc3 c6 8. e4 e5 9. h3 Qb6 10. d5 Ne8 11. Rb1 a5 12. Be3 Qd8 13. Qd2 c5 14. Kh2 Nb6 15. b3 f5 16. Bg5 Nf6 17. Rbe1 Rf7 18. exf5 gxf5 19. Bh6 Bd7 20. Bxg7 Rxg7 21. Re2 Qe8 22. Ng5 h6 23. Nf3 Qh5 24. Kg1 f4 25. g4 Bxg4 26. hxg4 Qxg4 27. Ne1 f3 0-1

[Event "HUN-chT2 Charousek 0203"]
[Site "Hungary"]
[Date "2003.02.16"]
[Round "7.3"]
[White "Jovanovic, Zoran"]
[Black "Boros, Daniel"]
[Result "1-0"]
[WhiteElo "2389"]
[BlackElo "2365"]
[PlyCount "117"]
[EventDate "2002.09.22"]
[EventType "team-tourn"]
[EventRounds "11"]
[EventCountry "HUN"]
[SourceTitle "EXT 2004"]
[Source "ChessBase"]
[SourceDate "2003.11.25"]
[SourceVersion "1"]
[SourceVersionDate "2003.11.25"]
[SourceQuality "1"]
[WhiteTeam "Szenna Pack"]
[BlackTeam "Matador"]
[WhiteTeamCountry "HUN"]
[BlackTeamCountry "HUN"]

1. e4 c5 2. Nf3 e6 3. Nc3 Nc6 4. Bb5 Nge7 5. 0-0 a6 6. Bxc6 Nxc6 7. d4 cxd4 8. Nxd4 Qc7 9. Re1 Bd6 10. Nf5 Bxh2+ 11. Kh1 0-0 12. Nxg7 Kxg7 13. Qh5 Kh8 14. Qxh2 Qxh2+ 15. Kxh2 b5 16. Bf4 f6 17. Bd6 Rf7 18. b4 Bb7 19. a4 Nd4 20. Ra2 Rg8 21. Re3 Rfg7 22. g3 Rg5 23. Rd3 Nc6 24. axb5 axb5 25. Kg2 f5 26. Kf1 Rh5 27. e5 Rg4 28. Nxb5 f4 29. gxf4 Rxf4 30. c3 Rh1+ 31. Ke2 Rh2 32. Ke3 Rf5 33. Nd4 Rh3+ 34. f3 Nxd4 35. Kxd4 Bd5 36. Ra7 Rh4+ 37. Kc5 Rc4+ 38. Kb5 Rc8 39. Kb6 Rc6+ 40. Ka5 Rxd6 41. c4 Rxe5 42. cxd5 exd5 43. Kb5 Rf5 44. Rc7 d4+ 45. Rc5 Rf4 46. Kc4 Kg7 47. b5 Kg6 48. Rd5 Rxd5 49. Kxd5 h5 50. b6 Rf6 51. Kc5 Rf5+ 52. Kc4 Rf6 53. b7 Rf8 54. Rxd4 Rb8 55. Rxd7 h4 56. Kb5 Kf5 57. Ka6 Kf4 58. Rd4+ Kg3 59. Rg4+ 1-0

[Event "HUN-chT2 0102"]
[Site "Hungary"]
[Date "2002.02.10"]
[Round "7"]
[White "Boros, Daniel"]
[Black "Hever, Miklos"]
[Result "0-1"]
[WhiteElo "2395"]
[BlackElo "2243"]
[PlyCount "76"]
[EventDate "2001.??.??"]
[EventType "team-tourn"]
[EventRounds "11"]
[EventCountry "HUN"]
[SourceTitle "EXT 2004"]
[Source "ChessBase"]
[SourceDate "2003.11.25"]
[SourceVersion "1"]
[SourceVersionDate "2003.11.25"]
[SourceQuality "1"]

1. e4 c5 2. Nc3 e6 3. Nge2 Nc6 4. g3 d5 5. exd5 exd5 6. Bg2 d4 7. Nd5 Nf6 8. Nef4 Nxd5 9. Nxd5 Bd6 10. 0-0 0-0 11. d3 Be6 12. Qh5 Qd7 13. h3 f6 14. Kh2 Bf7 15. Qd1 Bxg3+ 16. fxg3 Bxd5 17. Bxd5+ Qxd5 18. Bf4 Rae8 19. Rf2 Rf7 20. Qf1 Qd7 21. Qg2 Nb4 22. a3 Nd5 23. Raf1 Ne3 24. Bxe3 dxe3 25. Re2 Re5 26. Rf4 Rfe7 27. Qf3 f5 28. g4 g6 29. g5 R7e6 30. h4 Qe7 31. Kg2 Kg7 32. Kf1 Rd6 33. Ke1 Rd4 34. Rg2 Qf7 35. Rg3 Re7 36. b3 Qe6 37. h5 Qe5 38. h6+ Kf8 0-1

[Event "HUN-chT2 0102"]
[Site "Hungary"]
[Date "2001.11.18"]
[Round "3"]
[White "Boros, Daniel"]
[Black "Bodo, Norbert"]
[Result "1/2-1/2"]
[WhiteElo "2395"]
[BlackElo "2326"]
[PlyCount "107"]
[EventDate "2001.??.??"]
[EventType "team-tourn"]
[EventRounds "11"]
[EventCountry "HUN"]
[SourceTitle "EXT 2004"]
[Source "ChessBase"]
[SourceDate "2003.11.25"]
[SourceVersion "1"]
[SourceVersionDate "2003.11.25"]
[SourceQuality "1"]

1. e4 c6 2. d3 d5 3. Nd2 g6 4. Ngf3 Bg7 5. Be2 e5 6. 0-0 Ne7 7. c3 0-0 8. Re1 h6 9. Bf1 Re8 10. a4 a5 11. b4 g5 12. Nb3 axb4 13. cxb4 Ng6 14. Bb2 Bf8 15. b5 d4 16. bxc6 Nxc6 17. Nfd2 Be6 18. Nc4 Bxc4 19. dxc4 Bb4 20. Re2 Na5 21. Nxa5 Qxa5 22. g3 Bc5 23. Bc1 Qc7 24. Rb2 Bf8 25. Bd3 Ra7 26. Bd2 b6 27. Kh1 Re6 28. Qg4 Rf6 29. Qe2 Qd7 30. Rb5 Rc6 31. Qf3 Bg7 32. Qd1 Bf8 33. Rab1 Bc5 34. a5 bxa5 35. Bxa5 Bf8 36. Bd2 Rc8 37. Rd5 Qe6 38. Be2 Rca8 39. Bg4 Qc6 40. Be2 Bg7 41. Bd3 Ra3 42. Qc2 Qe6 43. f3 Qh3 44. Rdb5 Bf8 45. Bf1 Qd7 46. Bd3 Ra2 47. R1b2 Rxb2 48. Qxb2 Ra3 49. Rb3 Qa4 50. Rxa3 Qxa3 51. Qxa3 Bxa3 52. Kg2 Bd6 53. Kh3 Kg7 54. Kg4 1/2-1/2

[Event "HUN-chT2 0102"]
[Site "Hungary"]
[Date "2001.09.30"]
[Round "1"]
[White "Zhao, Zong Yuan"]
[Black "Boros, Daniel"]
[Result "1-0"]
[WhiteElo "2359"]
[BlackElo "2395"]
[PlyCount "77"]
[EventDate "2001.??.??"]
[EventType "team-tourn"]
[EventRounds "11"]
[EventCountry "HUN"]
[SourceTitle "EXT 2004"]
[Source "ChessBase"]
[SourceDate "2003.11.25"]
[SourceVersion "1"]
[SourceVersionDate "2003.11.25"]
[SourceQuality "1"]

1. e4 c5 2. Nf3 e6 3. d4 cxd4 4. Nxd4 Nc6 5. Nc3 a6 6. Nxc6 bxc6 7. Bd3 d5 8. 0-0 Nf6 9. Qe2 Be7 10. b3 0-0 11. Bb2 Nd7 12. Na4 Nb6 13. Nxb6 Qxb6 14. exd5 cxd5 15. Qe5 f6 16. Qh5 f5 17. Rae1 Bf6 18. Bxf6 Rxf6 19. Re5 Bb7 20. Rfe1 Raf8 21. Qe2 Kf7 22. Kh1 Qc6 23. f3 Rd8 24. Qf2 a5 25. a4 Rc8 26. R1e2 Rc7 27. Qg3 Qb6 28. h3 Rg6 29. Qf4 Rf6 30. Re1 h6 31. h4 Rc8 32. h5 Rc7 33. R1e3 Rd7 34. Kh2 Rd6 35. Bb5 g5 36. hxg6+ Rxg6 37. g4 Bc8 38. gxf5 exf5 39. Be8+ 1-0

[Event "HUN-chT2 Maroczy 0001"]
[Site "Hungary"]
[Date "2000.11.26"]
[Round "1"]
[White "Boros, Daniel"]
[Black "Konnyu, Janos"]
[Result "0-1"]
[WhiteElo "2389"]
[BlackElo "2099"]
[PlyCount "64"]
[EventDate "2000.11.26"]
[EventType "team"]
[EventRounds "11"]
[EventCountry "HUN"]
[SourceTitle "EXT 2007"]
[Source "ChessBase"]
[SourceDate "2006.11.23"]
[SourceVersion "1"]
[SourceVersionDate "2006.11.23"]
[SourceQuality "1"]
[WhiteTeam "Budapest Matador"]
[BlackTeam "Sarospatak II"]
[WhiteTeamCountry "HUN"]
[BlackTeamCountry "HUN"]

1. e4 c5 2. Nc3 Nc6 3. Nge2 Nf6 4. g3 d6 5. Bg2 g6 6. 0-0 Bg7 7. d3 Nd4 8. h3 0-0 9. Be3 Nxe2+ 10. Nxe2 Rb8 11. Qd2 b6 12. g4 Bb7 13. c4 e6 14. Nc3 Nd7 15. d4 f5 16. dxc5 Ne5 17. gxf5 gxf5 18. cxd6 Nxc4 19. Qe2 Nxe3 20. Qxe3 f4 21. Qd3 f3 22. Bxf3 Ba6 23. Qe3 Bxf1 24. Rxf1 Qxd6 25. Rd1 Qf4 26. Qe2 Rbd8 27. Bg4 Rxd1+ 28. Nxd1 Qg5 29. Kf1 Qe5 30. Qc4 Rf6 31. Qc8+ Bf8 32. Qe8 Qxe4 0-1

[Event "HUN-ch KO"]
[Site "Budapest"]
[Date "2000.09.01"]
[Round "3.1"]
[White "Boros, Daniel"]
[Black "Jakab, Attila"]
[Result "1-0"]
[WhiteElo "2389"]
[BlackElo "2298"]
[PlyCount "101"]
[EventDate "2000.08.28"]
[EventType "k.o."]
[EventRounds "6"]
[EventCountry "HUN"]
[SourceTitle "EXT 2001"]
[Source "ChessBase"]
[SourceDate "2000.11.22"]
[SourceVersion "1"]
[SourceVersionDate "2000.11.22"]
[SourceQuality "1"]

1. e4 e6 2. d4 d5 3. Nc3 Nf6 4. Bg5 Be7 5. e5 Nfd7 6. Bxe7 Qxe7 7. f4 0-0 8. Nf3 c5 9. dxc5 f6 10. exf6 Qxf6 11. g3 Nxc5 12. Qd4 b6 13. Qxf6 gxf6 14. 0-0-0 Bb7 15. Bg2 f5 16. Nb5 Nc6 17. Rhe1 Rac8 18. Nd6 Rc7 19. Ng5 Nd8 20. Nb5 Rg7 21. Kb1 Ne4 22. Nxe4 fxe4 23. c4 Rxf4 24. gxf4 Rxg2 25. Rxe4 dxe4 26. Rxd8+ Kg7 27. Rd7+ Kg6 28. Rxb7 e3 29. Nc3 Rxh2 30. Rxa7 h5 31. Kc1 h4 32. Re7 Kf6 33. Rh7 Kg6 34. Re7 Kf6 35. Rh7 Kg6 36. Rh8 Kg7 37. Rh5 h3 38. Rg5+ Kf6 39. Kd1 Rd2+ 40. Ke1 Rxb2 41. Ne4+ Kf7 42. Rh5 h2 43. Ng3 Kg6 44. a3 Ra2 45. Rh4 e5 46. fxe5 Kg5 47. Rh8 Kf4 48. e6 Kxg3 49. e7 Kf3 50. Rh3+ Kg4 51. Rxh2 1-0

[Event "HUN-chT 9900"]
[Site "Hungary"]
[Date "2000.04.02"]
[Round "11"]
[White "Boros, Daniel"]
[Black "Dudas, Janos"]
[Result "1/2-1/2"]
[WhiteElo "2292"]
[BlackElo "2324"]
[PlyCount "149"]
[EventDate "1999.09.26"]
[EventType "team-tourn"]
[EventRounds "11"]
[EventCountry "HUN"]
[SourceTitle "EXT 2009"]
[Source "ChessBase"]
[SourceDate "2008.11.26"]
[SourceVersion "1"]
[SourceVersionDate "2008.11.26"]
[SourceQuality "1"]
[WhiteTeam "Matador"]
[BlackTeam "Sarospatak"]
[WhiteTeamCountry "HUN"]
[BlackTeamCountry "HUN"]

1. e4 c5 2. Nc3 Nc6 3. Nge2 Nf6 4. g3 d5 5. Bg2 dxe4 6. Nxe4 Nxe4 7. Bxe4 g6 8. Bg2 Bg7 9. 0-0 0-0 10. d3 Qc7 11. Bf4 e5 12. Be3 b6 13. Nc3 Be6 14. Nd5 Qd6 15. Nc3 Rad8 16. a4 f5 17. f4 a6 18. Qf3 Nb4 19. fxe5 Qxe5 20. Bf4 Qd4+ 21. Be3 Qxe3+ 22. Qxe3 Bd4 23. Rae1 Nxc2 24. Qxd4 Nxd4 25. Re5 a5 26. Bd5 Bxd5 27. Nxd5 Rd6 28. Nf4 Rfd8 29. Re3 Kf7 30. h4 Re8 31. Rxe8 Kxe8 32. Re1+ Kf7 33. Kf2 h6 34. Re5 g5 35. hxg5 hxg5 36. Nd5 Nc6 37. Rxf5+ Ke6 38. Ne3 Nb4 39. Rxg5 Nxd3+ 40. Ke2 Nxb2 41. g4 Nxa4 42. Rg6+ Kd7 43. Rxd6+ Kxd6 44. Nc4+ Kd5 45. Kd3 b5 46. Nxa5 Nb6 47. g5 Nd7 48. Kc3 Ne5 49. Nb7 b4+ 50. Kb3 Kc6 51. Nd8+ Kb5 52. Ne6 c4+ 53. Kb2 Ng6 54. Kc2 Kc6 55. Kb2 Kd5 56. Nc7+ Kd4 57. Ne6+ Kd3 58. Nc5+ Kd2 59. Nb3+ Kd1 60. Nd4 Ne5 61. g6 Nxg6 62. Nc2 c3+ 63. Kb3 Ne5 64. Nxb4 Kd2 65. Nc2 Nc6 66. Na3 Kd3 67. Ka2 Na5 68. Kb1 Kd2 69. Nc2 Nc4 70. Nd4 Kd3 71. Nc2 Kd2 72. Nd4 Kd1 73. Ka2 Nd2 74. Ka3 Nf3 75. Kb3 1/2-1/2

[Event "HUN-chT 9900"]
[Site "Hungary"]
[Date "2000.03.05"]
[Round "9"]
[White "Boros, Daniel"]
[Black "Bokros, Albert"]
[Result "1-0"]
[WhiteElo "2292"]
[BlackElo "2405"]
[PlyCount "117"]
[EventDate "1999.09.26"]
[EventType "team-tourn"]
[EventRounds "11"]
[EventCountry "HUN"]
[SourceTitle "EXT 2009"]
[Source "ChessBase"]
[SourceDate "2008.11.26"]
[SourceVersion "1"]
[SourceVersionDate "2008.11.26"]
[SourceQuality "1"]
[WhiteTeam "Matador"]
[BlackTeam "Postas"]
[WhiteTeamCountry "HUN"]
[BlackTeamCountry "HUN"]

1. e4 c5 2. Nc3 e6 3. Nge2 d6 4. g3 Nc6 5. Bg2 Nf6 6. 0-0 Be7 7. h3 0-0 8. f4 Rb8 9. d3 Nd7 10. a4 a6 11. g4 Bh4 12. Kh1 b5 13. axb5 axb5 14. Ng1 Nd4 15. Nce2 e5 16. Nxd4 cxd4 17. Nf3 Bg3 18. f5 Bb7 19. g5 d5 20. Ng1 dxe4 21. Qg4 Bf4 22. Bxf4 exf4 23. dxe4 Rc8 24. Rad1 Nb6 25. c3 d3 26. Qxf4 Nc4 27. b3 Na5 28. f6 Re8 29. fxg7 Qc7 30. Qxc7 Rxc7 31. b4 Nc4 32. Rxd3 Bxe4 33. Bxe4 Rxe4 34. Nf3 Ne5 35. Rd5 Ng6 36. Nd4 Ne7 37. Rd8+ Kxg7 38. Nxb5 Rc6 39. Nd6 Re3 40. Rf6 Rcxc3 41. Ne8+ Kf8 42. Nd6+ Kg7 43. Re8 Re2 44. Kg1 Rc1+ 45. Rf1 Rxf1+ 46. Kxf1 Re6 47. Rxe7 Rxd6 48. Re5 Rd2 49. b5 Rh2 50. Re3 Rb2 51. Re5 Rh2 52. Re2 Rxh3 53. Rb2 Re3 54. b6 Re8 55. b7 Rb8 56. Rb6 h6 57. gxh6+ Kh7 58. Ke2 f6 59. Kd3 1-0

[Event "HUN-chT 9900"]
[Site "Hungary"]
[Date "1999.09.26"]
[Round "1"]
[White "Boros, Daniel"]
[Black "Peredy, Ferenc"]
[Result "1/2-1/2"]
[WhiteElo "2292"]
[BlackElo "2399"]
[PlyCount "29"]
[EventDate "1999.09.26"]
[EventType "team-tourn"]
[EventRounds "11"]
[EventCountry "HUN"]
[SourceTitle "EXT 2009"]
[Source "ChessBase"]
[SourceDate "2008.11.26"]
[SourceVersion "1"]
[SourceVersionDate "2008.11.26"]
[SourceQuality "1"]
[WhiteTeam "Matador"]
[BlackTeam "Pecs Karmin"]
[WhiteTeamCountry "HUN"]
[BlackTeamCountry "HUN"]

1. e4 d5 2. exd5 Qxd5 3. Nc3 Qd6 4. d4 Nf6 5. Nf3 a6 6. Be2 Bg4 7. h3 Bh5 8. Be3 Nc6 9. Qd2 0-0-0 10. 0-0-0 e6 11. Ng5 Bg6 12. Bd3 Qd7 13. a3 Nd5 14. Nxd5 exd5 15. Rhe1 1/2-1/2

[Event "Budapest FS09 IM-A"]
[Site "Budapest"]
[Date "1999.09.13"]
[Round "10"]
[White "Boros, Daniel"]
[Black "Szuk, Balazs"]
[Result "1/2-1/2"]
[WhiteElo "2292"]
[BlackElo "2374"]
[PlyCount "22"]
[EventDate "1999.09.05"]
[EventType "tourn"]
[EventRounds "12"]
[EventCountry "HUN"]
[EventCategory "3"]
[SourceTitle "EXT 2000"]
[Source "ChessBase"]
[SourceDate "1999.11.16"]
[SourceVersion "1"]
[SourceVersionDate "1999.11.16"]
[SourceQuality "1"]

1. Nf3 d5 2. g3 c6 3. Bg2 Nf6 4. 0-0 Bg4 5. d3 Nbd7 6. Nbd2 e6 7. h3 Bxf3 8. Nxf3 Bd6 9. Re1 0-0 10. e4 Qc7 11. c3 Rad8 1/2-1/2

[Event "Budapest FS09 IM-A"]
[Site "Budapest"]
[Date "1999.09.07"]
[Round "4"]
[White "Boros, Daniel"]
[Black "Husari, Satea"]
[Result "1/2-1/2"]
[WhiteElo "2292"]
[BlackElo "2307"]
[PlyCount "32"]
[EventDate "1999.09.05"]
[EventType "tourn"]
[EventRounds "12"]
[EventCountry "HUN"]
[EventCategory "3"]
[SourceTitle "EXT 2000"]
[Source "ChessBase"]
[SourceDate "1999.11.16"]
[SourceVersion "1"]
[SourceVersionDate "1999.11.16"]
[SourceQuality "1"]

1. e4 e5 2. Nf3 Nf6 3. d4 Nxe4 4. Bd3 d5 5. Nxe5 Nd7 6. Nxd7 Bxd7 7. 0-0 Qh4 8. c4 Nf6 9. Nc3 dxc4 10. Qe2+ Be7 11. Bxc4 Kf8 12. Nd5 Nxd5 13. Bxd5 c6 14. Bf3 Be6 15. Be3 h5 16. Rfd1 Rd8 1/2-1/2